| 000 | 00525nam a2200181Ia 4500 | ||
|---|---|---|---|
| 005 | 20250508151731.0 | ||
| 008 | 008 250505s9999 xx 000 0 eng d | ||
| 037 | _aBooks to be hide in OPAC | ||
| 040 |
_aFEDL _beng _cFEDL |
||
| 041 |
_aeng _2eng |
||
| 084 |
_a379.54142, BEN _qFEDL |
||
| 245 | 0 | _aQuinquennial review on the progress of education in west Bengal | |
| 245 | 0 | _cGovernment of West Bengal | |
| 260 | _c1951 | ||
| 300 | _a141p. | ||
| 942 |
_cHB _h379.54142, BEN |
||
| 999 |
_c1331787 _d1331787 |
||